000 00721nam a2200205 a 4500
003 0
005 20250424093005.0
008 050808s19uu xx 00 eng d
050 _aPHS RJ 506.E18
_b.I39 2005
100 _aIizuka, Koji A.
245 _aAwareness about Anorexia nervosa among grade 8 students /
_cKoji A. Iizuka.
260 _aLas PiƱas City, Philippines :
_bSouthville International School and Colleges,
_c2005.
300 _a17 pages :
_billustrations ;
_c28 cm.
504 _aIncludes bibliographical references.
650 _aAnorexia nervosa
_zPhilippines.
650 _aEating disorders in adolescence.
650 _aMental health awareness
_zPhilippines.
942 _2lcc
_cPASS
999 _c97239
_d97239